What Country is Surrounded by these Countries? #1 - Statistics

General Stats
  • This quiz has been taken 29 times
  • The average score is 9 of 10
Answer Stats
Hint Answer % Correct
United Kingdom Ireland
100%
Czechia, Germany, Hungary, Italy, Lichtenstein, Slovakia, Slovenia, Switzerland Austria
96%
China, South Korea, Russia North Korea
96%
Spain Portugal
96%
Brazil, Suriname, Venezuela Guyana
93%
Belize, Guatemala, United States Mexico
93%
Iraq, Israel, Jordan, Lebanon, Turkey Syria
89%
China, Kazakhstan, Tajikistan, Uzbekistan Kyrgyzstan
86%
Eswatini, Malawi, South Africa, Tanzania, Zambia, Zimbabwe Mozambique
82%
Burkina Faso, Ghana, Guinea, Liberia, Mali Ivory Coast
79%
No matching quizzes found
Score Distribution
Percent of People with Each Score
Percentile by Number Answered
Your Score History
You have not taken this quiz